Combating student plagiarism: an academic librarian's guide

Bibliographic Details
Main Author: Lampert, Lynn D. (Author)
Format: Book
Language:English
PhysicalDescription:xxii, 183 s. 24 cm
Published: Oxford Cambridge New Delhi Chandos Publishing 2008
ISBN:9781843342823
Edition:1st publ.
Series:Chandos Information Professional Series
Subjects:

MARC

LEADER 00000nam a2200000 a 4500
001 vtls010056778
003 SK-MaSNL
005 20260302011010.0
008 240314s2008 xxk f 011 0 eng
020 |a 9781843342823  |q (brož.) 
040 |a SNK  |b slo  |c SNK  |e AACR2 
041 0 |a eng 
044 |a xxk  |a ii  |c GB  |c IN 
072 7 |a 347.7  |x Obchodné právo. Finančné právo. Právo priemyselného vlastníctva. Patentové právo. Autorské právo  |2 konspekt 
072 7 |a 378  |x Vysoké školy  |2 konspekt 
080 |a 347.788.4  |2 2001 
080 |a 378.011.3-052  |2 2001 
080 |a 027.2  |2 2001 
080 |a (048.8)  |2 2001 
100 1 |a Lampert, Lynn D.  |4 aut  |9 650897 
245 1 0 |a Combating student plagiarism: an academic librarian's guide  |c Lynn D. Lampert 
250 |a 1st publ. 
260 |a Oxford  |a Cambridge  |a New Delhi  |b Chandos Publishing  |c 2008 
300 |a xxii, 183 s.  |c 24 cm 
490 1 |a Chandos Information Professional Series 
650 0 7 |a vysokoškolskí študenti  |2 SNKPH  |9 3981 
650 0 7 |a plagiátorstvo  |2 SNKPH  |9 100059 
650 0 7 |a akademické knižnice  |2 SNKPH  |9 51410 
650 0 7 |a College students  |2 SNKPHeng  |9 275186 
650 0 7 |a Plagiarism  |2 SNKPHeng  |9 571983 
650 0 7 |a Academic libraries  |2 SNKPHeng  |9 324290 
655 7 |a štúdie  |2 SNKPH  |9 57033 
655 7 |a Studies  |2 SNKPHeng  |9 265573 
830 0 |a Chandos Information Professional Series  |9 324301 
919 |a 978-1-84334-282-3 
999 |c 1004449  |d 1006379 
952 |t snkLAM 378  |a SNKUST  |b SNKUST  |y PREZ  |7 0  |p 17A0643316  |o snkIC 138345  |i snk2010/1408  |8 3  |g 61.60  |0 0  |1 0  |4 0  |d 2010-01-25  |l 0  |r 2025-03-19 00:00:00  |w 2026-02-24